000 00748nam a2200229Ia 4500
003 OSt
005 20220923224155.0
006 a|||||r|||| 00| 0
007 ta
008 Pun
024 _a227,407
037 _cTextual
040 _aARTS
_cARTS
_bPun
041 _2Pun
_aPun
082 _aQ8441wK66,1:g, 153P3
100 _aਗੁਮਤਾਲਾ, ਚਰਨਜੀਤ ਸਿੰਘ
245 0 _aਚੰਡੀ ਦੀ ਵਾਰ ਚਿੰਤਨ ਤੇ ਕਲਾ
260 _aਅੰਮ੍ਰਿਤਸਰ
_b ਵਾਰਿਸFਾਹ ਖ਼ਾਉਜ਼ਡੇFਨ
_c2003
300 _a128ਪੰ
_ccm.
942 _hQ8441wK66,1:g, 153P3
_cTEXL
_2CC
999 _c369730
_d369730